• 首页
  • 本馆介绍
  • 公告通知
  • 最新文献
  • 馆藏检索
  • 电子资源
  • 读者导购
  • 参考咨询
  • 我的图书馆
  • 登录
  • 详细信息显示
  • 放入我的书架
  • 预约/预借图书
  • 作者相关作品
  • 分类相关作品
  • 丛书相关作品
  • 出版社相关作品

书目信息

  • 表格格式
  • 工作单格式
  • 卡片格式
书名: Ethics of the lawyer’s work
作者: by James E. Moliterno, John M. Levy.
分册号:
分册名:
出版地: St. Paul, Minn. :
 
出版社: West Pub. Co
出版时间: 1993.
页数: xiv, 305 p. ;
开本: 26 cm.
丛书名: American casebook series
中图分类号:
科图分类号:
其他分类号: D90-053
主题词:
电子资源:
000 01142nam a2200349 a 450
001 E0760906039
005 20070320165907.75
008 931015s1993 mnu 001 0 eng d
010    @a93218886
020    @a031402395X.
035    @A(DLC) 93218886
035    @a(OCoLC)28193533
040    @aDGU-L@cDGU-L@dDLC
042    @alccopycat
043    @an-us---
050 00 @aKF306.A4@bM58 1993
082 00 @a174/.3@2 20
090    @aD90-053
099    @dD90-053@ex53
100 1  @aMoliterno, James E.,@d1953-
245 10 @aEthics of the lawyer’s work / @cby James E. Moliterno, John M. Levy.
260    @aSt. Paul, Minn. :@bWest Pub. Co.,@c1993.
300    @axiv, 305 p. ;@c26 cm.
440  0 @aAmerican casebook series
500    @aIncludes index.
650  0 @aLegal ethics@zUnited States@xCases.
650  0 @aPractice of law@zUnited States@xCases.
700 1  @aLevy, John M.,@d1939-
906    @a7@bcbc@ccopycat@d2@encip@f19@gy-gencatlg
922    @aco
955    @apb18 09-28-93; pb07 10-15-93 to Cat.; sg63 02-05-94; sg18 02-07-94; sf05 03-22-94
991    @bc-LL@hKF306.A4@iM58 1993@p0001892612A@tCopy 1@wBOOKS
    
    Ethics of the lawyer’s work / / by James E. Moliterno, John M. Levy.-St. Paul, Minn. : : West Pub. Co., , 1993.
    xiv, 305 p. ; ; 26 cm.- (American casebook series )
    Includes index.
    
    ISBN 031402395X.
    
●
相关链接 在E读中查询图书 在五车中查询图书 在当当中查询图书 在豆瓣中查询图书


正题名:Ethics of the lawyer's work     索取号:D90-053/x53         预约/预借

序号 登录号 条形码 馆藏地/架位号 状态 备注
1 0003417   300034175   第二样本阅览室/ [索取号:D90-053/x53] 在馆    
唐山师范学院图书馆 欢迎您!
大连网信软件有限公司© 版权所有